| 000 | 01105nam a2200361 a 4500 | ||
|---|---|---|---|
| 001 | 2836 | ||
| 003 | FISKH | ||
| 005 | 20240116153710.0 | ||
| 008 | 930323s1993 nyua j 000 1 eng | ||
| 010 | _a 93077586 | ||
| 020 | _a0307301907 | ||
| 020 | _a030796034 | ||
| 040 |
_aDLC _cDLC _beng |
||
| 042 | _alcac | ||
| 050 | 0 | 0 |
_aPZ10.3.K84 _bPo 1993 |
| 082 | 0 | 0 |
_a[E] _220 |
| 100 | 1 | _aKorman, Justine. | |
| 245 | 1 | 4 |
_aThe poky little puppy's first Christmas / _cby Justine Korman ; illustrations by Jean Chandler. |
| 250 | _aFirst Edition 2002 | ||
| 260 |
_aNew York : _bA Golden Book ; _c1993 |
||
| 300 |
_a24 unnumbered pages : _bcolor illustrations ; _c21 cm. |
||
| 440 | 2 | _aA Little golden book | |
| 505 | _aK | ||
| 520 | _aFive little puppies celebrate Christmas with their friends. | ||
| 521 | 8 |
_a520
_bLexile |
|
| 521 | 8 |
_aK
_bRaz-Plus |
|
| 650 | 0 |
_aDogs _xJuvenile fiction. |
|
| 650 | 1 |
_aDogs _xFiction. |
|
| 650 | 1 |
_aChristmas _xFiction. |
|
| 700 | 1 |
_aChandler, Jean, _d1927- _eillustrator |
|
| 906 |
_a7 _bcbc _corignew _d2 _eopcn _f19 _gy-gencatlg |
||
| 942 |
_2ddc _cBK _n0 |
||
| 999 |
_c2836 _d2836 |
||